[Event "Bogota Avenida Chile op 5th"]
[Site "Bogota"]
[Date "2025.06.15"]
[Round "7"]
[White "Intencipa Acosta, Fabian Armando"]
[Black "Cruz Gomez, David Eduardo"]
[Result "1-0"]
[WhiteElo "1706"]
[BlackElo "1733"]
[PlyCount "47"]
[EventDate "2025.06.15"]
[EventType "swiss (rapid)"]
[EventRounds "7"]
[EventCountry "COL"]
[SourceTitle "CB25_2025"]
[SourceDate "2025.06.18"]
[SourceVersion "1"]
[SourceVersionDate "2025.06.18"]
[SourceQuality "1"]

1. e4 e5 2. Nf3 Nc6 3. d4 exd4 4. Bc4 Be7 5. c3 Nf6 6. e5 Ne4 7. Bd5 f5 8. cxd4 d6 9. 0-0 dxe5 10. dxe5 Bc5 11. Qb3 Qe7 12. Bf4 Bb6 13. Nc3 Nc5 14. Qc4 Be6 15. Bg5 Qf7 16. b4 Nd7 17. Bxe6 Qg6 18. Bxd7+ Kxd7 19. Rad1+ Ke8 20. Nd5 h6 21. Bf4 Qg4 22. h3 Qh5 23. Rfe1 g5 24. Nf6+ 1-0

[Event "Bogota Avenida Chile op 5th"]
[Site "Bogota"]
[Date "2025.06.15"]
[Round "2"]
[White "Leal Cortes, Diego Fernando"]
[Black "Cruz Gomez, David Eduardo"]
[Result "1/2-1/2"]
[WhiteElo "1891"]
[BlackElo "1733"]
[PlyCount "189"]
[EventDate "2025.06.15"]
[EventType "swiss (rapid)"]
[EventRounds "7"]
[EventCountry "COL"]
[SourceTitle "CB25_2025"]
[SourceDate "2025.06.18"]
[SourceVersion "1"]
[SourceVersionDate "2025.06.18"]
[SourceQuality "1"]

1. e4 e5 2. Nf3 Nc6 3. Bb5 Nf6 4. d3 Nd4 5. Bc4 Nxf3+ 6. Qxf3 Bc5 7. Bg5 d6 8. Nc3 c6 9. 0-0 h6 10. Bh4 g5 11. d4 Bg4 12. Qd3 exd4 13. e5 dxe5 14. Na4 e4 15. Qb3 0-0 16. Nxc5 gxh4 17. Qxb7 Qd6 18. b4 Rfb8 19. Qxf7+ Kh8 20. Qg6 Qf4 21. Ne6 Bxe6 22. Bxe6 Rg8 23. Qf5 Qg5 24. Qxg5 Rxg5 25. Rad1 Re8 26. Bh3 Rd5 27. Rfe1 Kg7 28. Rd2 Nh5 29. g3 hxg3 30. hxg3 Nf6 31. Bg2 h5 32. Kf1 Rd6 33. Rde2 Rde6 34. Bh3 Re5 35. Bg2 Kg6 36. Rd1 Rd8 37. Red2 e3 38. fxe3 Rxe3 39. Rxd4 Rxd4 40. Rxd4 Rxg3 41. Bxc6 Rc3 42. Rd6 Kg5 43. Ba4 h4 44. Rd3 Rc7 45. Kg2 Re7 46. Rd2 Ne4 47. Re2 Kf4 48. Bc6 Rg7+ 49. Kh2 Ng3 50. Rf2+ Ke3 51. Rf3+ Kd2 52. c4 Ke2 53. Rf6 Rg4 54. Bd5 Nf1+ 55. Kh3 Rd4 56. Bf3+ Ke3 57. Bd5 Nd2 58. Re6+ Kd3 59. Rh6 Nxc4 60. Bf7 Ne5 61. Bg8 Rxb4 62. Rxh4 Rb2 63. Ra4 Rb7 64. Bd5 Rg7 65. Be4+ Ke3 66. Bf5 Nf3 67. Re4+ Kf2 68. Rf4 Ke3 69. Re4+ Kd2 70. Rf4 Ne1 71. Rg4 Rf7 72. Be6 Re7 73. Bb3 Nd3 74. Rg2+ Kc3 75. Rg3 Kd4 76. Kg2 Re2+ 77. Kg1 Re5 78. Rg7 a5 79. Rd7+ Ke3 80. Rd5 Rxd5 81. Bxd5 Nb4 82. Bb3 Nd3 83. Kf1 Kd2 84. Bg8 Kc3 85. Ke2 Nb4 86. Kd1 Kb2 87. Bf7 Nxa2 88. Bxa2 Kxa2 89. Kc2 a4 90. Kc1 Ka1 91. Kc2 a3 92. Kc1 Ka2 93. Kc2 Ka1 94. Kc1 a2 95. Kc2 1/2-1/2